Neotvorený dar príručka emocionálnej gramotnosti
Enregistré dans:
| Auteur principal: | |
|---|---|
| Autres auteurs: | , |
| Format: | Livre |
| Langue: | slovaque |
| Publié: |
[S.l.]
[s.n.]
2019
|
| Sujets: | |
| Tags: |
Pas de tags, Soyez le premier à ajouter un tag!
|
MARC
| LEADER | 00000nam a2200000 4500 | ||
|---|---|---|---|
| 001 | 0278010 | ||
| 005 | 20240221120051.7 | ||
| 020 | |a 978-1-7324509-3-6 | ||
| 041 | 0 | |a slo | |
| 044 | |a US | ||
| 245 | 1 | 0 | |a Neotvorený dar |b príručka emocionálnej gramotnosti |c Dan Newby a Lucy Núñez ; preložil: Ivan Valkovič |
| 264 | 1 | |a [S.l.] |b [s.n.] |c 2019 | |
| 300 | |a 302 s. | ||
| 610 | 2 | 0 | |a emócie |
| 610 | 2 | 0 | |a psychológia |
| 610 | 2 | 0 | |a sociológia |
| 610 | 2 | 0 | |a vzdelávanie |
| 610 | 2 | 0 | |a gramotnosť |
| 100 | 1 | |a Newby, Dan | |
| 700 | 1 | |a Núñez, Lucy | |
| 700 | 1 | |a Valkovič, Ivan | |